Pensar visualmente: Lenguaje, ideas y técnicas para el ilustrador.

Guardat en:
Dades bibliogràfiques
Autor principal: Wigan, Mark (autor)
Format: Llibre
Publicat: Barcelona, España: Gustavo Gili, 2008.
Edició:1a. edición.
Matèries:
Etiquetes: Afegir etiqueta
Sense etiquetes, Sigues el primer a etiquetar aquest registre!

MARC

LEADER 00000nam a22000007a 4500
003 CL-VaPUC
005 20250321101934.0
008 250127t2008 ||||| |||| 00| 0 eng d
999 |c 446830  |d 446828 
020 |a 978-84-252-2196-5 
040 |c Pontificia Universidad Católica de Valparaíso 
082 |a 741.6 WIG 2008 
100 |9 895877  |a Wigan, Mark  |e autor 
245 |a Pensar visualmente:  |b Lenguaje, ideas y técnicas para el ilustrador. 
250 |a 1a. edición. 
260 |a Barcelona, España:  |b Gustavo Gili,  |c 2008. 
300 |a 173 páginas:  |b ilustraciones. 
500 |a c.1. Instituto Arcos.08-01-2025. 
583 |c 20250127  |k Gabriela Rodríguez Cuevas 
650 0 |9 369481  |a Ilustraciones  |x Proceso creativo 
650 0 |9 268237  |a Artes gráficas  |x Técnicas  
650 0 |9 266874  |a Diseño gráfico  |x Metodología 
650 0 |9 265349  |a Comunicación visual  
942 |2 ddc  |c BK  |n 0 
952 |0 0  |1 0  |2 ddc  |4 0  |6 741_600000000000000_WIG_2008  |7 0  |9 599969  |a BIBINC  |b BIBINC  |c GEN  |d 2025-01-27  |e Instituto Arcos  |i 5664820  |l 2  |m 1  |o 741.6 WIG 2008  |p 5664820  |r 2025-04-21  |s 2025-04-10  |t 1  |w 2025-01-27  |y BK  |k IFP